MARC

LEADER 00000nas a2200000 a 4500
001 ssj0000816756
003 WaSeSS
005 20200512172242.0
006 m d
007 cr n
008 800515c19569999bl uu p s f0 0por c
010 |a  93649851  
022 |y 0474-6414 
035 |a (WaSeSS)ssj0000816756 
037 |b Av. Bento Gonçalves, 9.500, Caixa Postal 15002, 91000 - Porto Alegre 
040 |a GZM  |b eng  |c GZM  |d MUL  |d AIP  |d IUL  |d OCL  |d DLC  |d LVB  |d OCLCQ  |d IXA  |d OCLCQ  |d NLGGC  |d DLC  |d OCLCQ  |d OCLCF  |d CUS  |d OCLCO  |d CUS  |d COO  |d CUS  |d OCLCA  |d OCLCQ  |d WaSeSS 
042 |a pcc 
043 |a s-bl--- 
050 0 0 |a AS80.P64  |b A27 
130 0 |a Organon (Porto Alegre, Rio Grande do Sul, Brazil) 
210 0 |a Organon  |b (Porto Alegre, Impr.) 
222 0 |a Organon  |b (Porto Alegre. Impresso) 
245 1 0 |a Organon  |h [electronic resource] :  |b revista do Instituto de Letras da Universidade Federal do Rio Grande do Sul. 
260 |a Porto Alegre :  |b Universidade Federal do Rio Grande do Sul 
362 1 |a Began with março 1956 issue. 
500 |a Some issues have distinctive titles. 
506 |a License restrictions may limit access. 
515 |a Suspended 1970-1985. 
515 |a Some issues published together. 
515 |a Volumes for 1956-1989 called also v. 1-16; volumes for 1986-<1991> called also v. 3- 
546 |a In Portuguese. 
550 |a Issued by: Universidade do Rio Grande do Sul, Faculdade de Filosofia, no. 1- ; by: Universidade Federal do Rio Grande do Sul, Faculdade de Filosofia, no. <6-> ; by the University's Instituto de Filosofia, no. <16-18>; by the University's Instituto de Letras, no. <16, 1991-> 
588 |a Description based on: No. 16, published in 1991. 
588 |a Latest issue consulted: Vol. 15, no. 30 e 31 (2001). 
650 0 |a Philosophy  |v Periodicals. 
650 0 |a Philology  |v Periodicals. 
650 0 |a Philology  |z Brazil  |v Periodicals. 
650 0 |a Portuguese language  |v Periodicals. 
650 0 |a Brazilian literature  |x History and criticism  |v Periodicals. 
650 6 |a Philosophie  |v Périodiques. 
650 7 |a Brazilian literature.  |2 fast  |0 (OCoLC)fst00838112 
650 7 |a Philology.  |2 fast  |0 (OCoLC)fst01060694 
650 7 |a Philosophy.  |2 fast  |0 (OCoLC)fst01060777 
650 7 |a Portuguese language.  |2 fast  |0 (OCoLC)fst01072441 
650 1 7 |a Filosofie.  |2 gtt 
650 1 7 |a Humaniora.  |2 gtt 
651 7 |a Brazil.  |2 fast  |0 (OCoLC)fst01206830 
655 0 |a Electronic journals. 
710 2 |a Universidade do Rio Grande do Sul.  |b Faculdade de Filosofia. 
710 2 |a Universidade Federal do Rio Grande do Sul.  |b Faculdade de Filosofia. 
710 2 |a Universidade Federal do Rio Grande do Sul.  |b Instituto de Filosofia. 
710 2 |a Universidade Federal do Rio Grande do Sul.  |b Instituto de Letras. 
850 |a DLC 
856 4 0 |z Full text available from Research Library: 01/01/2014 to 01/31/2017  |u https://search.proquest.com/publication/2038865